Quizzes
Events
Quiz Creation
Community
Videos
Private Events
Remove Ads
Sign In
Join for FREE
Feedback
Dark Mode
Quiz Categories
Sports
Geography
Music
Movies
Television
Just For Fun
Miscellaneous
History
Literature
Language
Science
Gaming
Entertainment
Religion
Holiday
For Kids
Quiz Lab
Recent
Popular Today
Quiz Kudos Today
Editor Picks
Curator Picks
Quizzes by...
Day
Popularity
Type
Ratings
Length
Year
Community
Subscriptions
Recent Discussions
Orange Saloon
Badges
Playlists
Quests
Create
Leaderboards
Showdown
Live 5
Trivia Bingo
Activity
Puzzle Library
Sporcle Events
Private Events
Virtual Trivia
Globe League
Become a Host
Pub Owners
SporcleCon
Opinionation
Our Games
Videos
Blog
Mobile Apps
Partnerships
Remove Ads and Go Orange
Feedback
Just For Fun
Clickable
Get the Picture
Humor
Quick Pick
Word Ladder
Missing Word
Mixed Word
Blitz
Minefield
This or That
Alphabet
Color
Typing
Sporcle
Puzzle
Word Play
Follow That Line
Logic
Just For Fun
Clickable
Get the Picture
Humor
Quick Pick
Word Ladder
Missing Word
Mixed Word
Blitz
Minefield
This or That
Alphabet
Color
Typing
Sporcle
Puzzle
Word Play
Follow That Line
Logic
Random Quiz
Search Sporcle
×
Quiz Lab
Quiz Lab
Just For Fun
tomato
Type in answers that appear in a list
Type in answers that appear in a list
Classic
Best Score? Go Orange.
Tomatoes! Stats
Can you name the fun facts about tomatoes?
By
fly737
6m
20 Questions
36 Plays
36 Plays
36 Plays
Comments
Comments
Give Quiz Kudos
Give Quiz Kudos
-
- Ratings
hide this ad
More Info
Replay
Link that replays current quiz
Next Quiz
Link to next quiz in quiz playlist
You Got
0%
They Got
Avg Score
40%
Avg Friend Score
Upgrade to see
Score Distribution
Jump to the score distribution portion of the page
Score
0/20
Timer
06:00
0
Plays Today
Question
Answer
% Correct
Grows on a........
Vine
88.9%
Rich in these two vitamins
A and C
66.7%
What color is the flower of the tomato plant?
Yellow
66.7%
The tomato is native to what continent?
South America
63.9%
Who first widely distributed the tomato?
The Spanish
63.9%
What state is the largest tomato producer in the United States
California
58.3%
These are great fried............
Green Tomatoes
58.3%
Tomato juice is an ingredient in this popular alcoholic drink
Bloody Mary
58.3%
The earliest discovered cookbook with tomato recipes was published in 1692 in what country?
Italy
55.6%
This country is the worlds largest tomato producer
China
47.2%
Question
Answer
% Correct
Many Europeans first believed the tomato was what?
Poisonous
36.1%
Who first domesticated the tomato?
The Aztecs
27.8%
How many calories on average?
35
25%
What makes tomatoes lose their flavor?
Refrigeration
25%
Average size (in ounces)
5 Ounces
16.7%
Stuff that makes them red
Lycopene
16.7%
This technique is often used to grow tomatoes in hostile growing environments
Hydroponics
16.7%
Scientific species name
Lycopersicum
8.3%
Tons produced per year (in millions)
130 Million Tons
5.6%
Largest tomato ever grown (in pounds)
7 Pounds!
5.6%
Quiz Playlist
Details
Report
Send in Message
Add To Playlist
More Info:
Yummy Tomatoes
Classic:
Type in answers that appear in a list
Quiz Source
Last Updated: Feb 16, 2017
Quiz Scoreboard
CHALLENGE
Sign Up to Join the Scoreboard
Show All
Scores
Hide
Comments
May contain spoilers
Recently Published
Presidents Visiting Landmarks
by Hejman
History
7m
An Introduction to Baseball
by treessimontrees
Sports
5m
Movies - When Are They Set?
by FPL_Elf
Movies
5m
More to Explore
Quiz From the Vault
Featured Blog Post
Where Did the Easter Bunny Come From?
hide this ad
You Might Also Like...
Tags
tomato
Today's Top Quizzes in Just For Fun
Browse Just For Fun
hide this ad
Today's Top Quizzes in tomato
Browse tomato
Top Contributed Quizzes in Just For Fun
1
Crossword Whiteout! 49
2
Killer Double Trees 224 - Colour Match-Up
3
Harry Potter Logic - 'In Chains' II
4
Spring Typing Challenge
5
Survivor Winners Logic Puzzle
6
Zeroing In: Just For Fun
7
Word Ladder: Ahoy Matey
8
Edinburgh Fringe jokes 2015
9
Thermometer Puzzle 25
10
Aquarium Logic Puzzle 17
Explore More
Trending Topics
NBA
Marvel
Crossword
Disney
Harry Potter
Kpop
Anime
Pokémon
Country
WWE
Puzzle
Soccer
The Office
NFL
Song
hide this ad
More By:
fly737
Quiz
Plays
Rating
Category
Featured
Created
Vehicle Producing Countries
224,514
4.59
Geography
Jan 28, 2011
World's Largest Arms Importing Countries
2,611
4.44
Geography
Dec 11, 2010
World's Largest Arms Exporting Countries
515
4.29
Geography
Dec 11, 2010
Closest College Football Stadiums (FBS)
349
3.80
Sports
Nov 7, 2012
Lowest Airfares - US Airports
314
5.00
Geography
Mar 14, 2012
Go to Creator's Profile
Score Distribution
Quiz Creator Spotlight
fly737
Follow
Send a Message
Quizzes Created
-
Created Quiz Play Count
-
More By This Creator
Popular Quizzes Today
1
Find the US States - No Outlines Minefield
2
Find the Countries of Europe - No Outlines Minefield
3
The Countries of the World
4
Popular People in 1961
5
Find the US States
6
US States
7
Risky Map Clicking: Biggest States A-Z
8
1-10 Letter E Words III
More Just For Fun Quizzes
Missing Word: Rock & Roll 'Love' Songs
Published
Trending Quizzes
Risky Map Clicking: Least Populous States A-Z
1-10 Letter G Words
1-10 Letter F Words
One Thing in Common: United Kingdom
Risky Map Clicking: Next State Alphabetically
Recently Updated
Leaping Animals
pecheneg
Reality TV Shows (A-Z)
bhenderson79
Rickey Henderson's Hall of Fame Teammates
pecheneg
Champions League XIs: Arsenal
pecheneg
Quick Pick: Celebrities in WWE's Hall of Fame
aduchscher
A-Z Keypad Blitz II
pecheneg
Multiple Oscar Actors
pecheneg
Mystery Phrase Blitz: Oscar 'Best Actors'
pecheneg
F. Scott Fitzgerald Novels
LTH
Pick 3 Villains
ddd62291
Trending Topics
Marvel
NBA
Harry Potter
Kpop
Anime
Crossword
Disney
Song
The Office
NFL
WWE
Pokémon
Country
Puzzle
Soccer
Your Account Isn't Verified!
In order to create a playlist on Sporcle, you need to verify the email address you used during registration. Go to your
Sporcle Settings
to finish the process.
Report this User
Report this user for behavior that violates our
Community Guidelines
.
Details:
Send Report
Go to the Sporcle.com Mobile Site →
Comments